Every City and CDP in Skagit County - Statistics

General Stats
  • This quiz has been taken 11 times
  • The average score is 14 of 19
Answer Stats
Population Type Answer % Correct
222 CDP Alger
100%
18,150 City Anacortes
100%
10,696 City Burlington
100%
791 Town Concrete
100%
316 CDP Edison
100%
968 Town La Conner
100%
35,619 City Mount Vernon
100%
12,622 City Sedro-Woolley
100%
658 CDP Bay View
89%
45 CDP Conway
89%
418 Town Lyman
89%
2,279 CDP Big Lake
67%
1,229 CDP Clear Lake
67%
296 Town Hamilton
67%
167 CDP Marblemount
67%
55 CDP Rockport
44%
203 Unincorporated Community Bow
33%
412 CDP Lake McMurray
22%
276 CDP Lake Cavanaugh
11%
No matching quizzes found
Score Distribution
Percent of People with Each Score
Percentile by Number Answered
Your Score History
You have not taken this quiz